Ejercicios caligráficos infantiles : inglesa

Gespeichert in:
Bibliographische Detailangaben
1. Verfasser: Morales y Latorre .
Format: Buch
Sprache:Spanisch
Erschienen: [Valencia] : Borrón, [19--?]
Katalog:MANES:  Suchergebnis im Bibliothekskatalog
Schulbuchspezifische Eigenschaften:
Schlagworte:
Tags: Tag hinzufügen
Keine Tags, Fügen Sie den ersten Tag hinzu!
Hinzugefügt zu:29.11.1999
Geändert in:07.05.2025

MARC

LEADER 00000cam a2200000#i 4500
005 20250507134526.0
008 000000q19uu espa 000 0 spa d
040 |a uned  |b spa  |c entro-manes 
100 1 |a Morales y Latorre .  |9 39907 
245 1 0 |a Ejercicios caligráficos infantiles :   |b inglesa /   |c por Morales y Latorre 
260 |a [Valencia] :   |b Borrón,   |c [19--?] 
300 |a <6 - 9> (15, 15, 15, 15 p.) :   |b il. 
505 1 |a Contiene: Modelo número 6 - 9 
546 |a España 
561 |5 es-BUNED  |3 L.T. 2694 N.6  |a España. Fondo Manes UNED  |k MANES 
690 0 |a EyL 
650 7 |a Material didáctico 
691 0 |a PRI 
942 |2 ddc  |c BK 
999 |c 96413  |d 96413 
999 |c manes:96413  |d 96413